000 00609nam a2200229Ia 4500
003 OSt
005 20220918212352.0
006 a|||||r|||| 00| 0
007 ta
008 220917b |||||||| |||| 00| 0 eng d
024 _a128,641
037 _cTextual
040 _aARTS
_cARTS
_beng
041 _2eng
_aeng
082 _aW81:g, L6
100 _aSalert Baroara
_9123632
245 0 _aFour theories
_b revolution and revolution series
260 _aN.Y
_bElaevier
_c1976
650 _aPOLITICAL SCIENCE
942 _hW81:g, L6
_cTEXL
_2CC
999 _c251779
_d251779